[Event "Hradec Kralove Region-chT 2223"]
[Site "Czech Republic"]
[Date "2022.10.30"]
[Round "2.6"]
[White "Vlckova, Katerina"]
[Black "Tsapanidis, Vasilis"]
[Result "1/2-1/2"]
[WhiteElo "1990"]
[BlackElo "1697"]
[PlyCount "73"]
[EventDate "2022.10.09"]
[EventType "team-tourn"]
[EventRounds "11"]
[EventCountry "CZE"]
[SourceTitle "EXT 2024"]
[Source "ChessBase"]
[SourceDate "2023.10.10"]
[SourceVersion "1"]
[SourceVersionDate "2023.10.10"]
[SourceQuality "1"]

1. d4 d5 2. c4 e6 3. Nf3 Nf6 4. g3 g6 5. Bg2 Bg7 6. 0-0 0-0 7. Nc3 c6 8. Re1 Nbd7 9. b3 Re8 10. Bb2 b6 11. Qc2 Bb7 12. Rad1 Qc7 13. e4 dxe4 14. Ng5 Rac8 15. Ncxe4 h6 16. Nf3 Nxe4 17. Qxe4 c5 18. Qe3 cxd4 19. Bxd4 Nf6 20. Be5 Ng4 21. Qf4 Nxe5 22. Nxe5 Bxe5 23. Rxe5 Bxg2 24. Kxg2 Red8 25. Rde1 Kg7 26. h4 h5 27. Qe3 Qd6 28. g4 hxg4 29. h5 Qc6+ 30. Kg1 Rh8 31. Qd4 Kg8 32. Qxg4 Rd8 33. Rxe6 Qc8 34. Rxg6+ fxg6 35. Qxg6+ Kf8 36. Qf6+ Kg8 37. Qg6+ 1/2-1/2

[Event "Hradec Kralove Region-chT 2223"]
[Site "Czech Republic"]
[Date "2022.10.09"]
[Round "1.6"]
[White "Vlckova, Katerina"]
[Black "Buchar, Petr"]
[Result "1/2-1/2"]
[WhiteElo "1990"]
[BlackElo "1842"]
[PlyCount "94"]
[EventDate "2022.10.09"]
[EventType "team-tourn"]
[EventRounds "11"]
[EventCountry "CZE"]
[SourceTitle "EXT 2024"]
[Source "ChessBase"]
[SourceDate "2023.10.10"]
[SourceVersion "1"]
[SourceVersionDate "2023.10.10"]
[SourceQuality "1"]

1. d4 f5 2. c4 Nf6 3. g3 g6 4. Bg2 d6 5. Nc3 Bg7 6. Nf3 0-0 7. 0-0 Qe8 8. e4 Nxe4 9. Nxe4 fxe4 10. Ng5 Nc6 11. Be3 e5 12. dxe5 Nxe5 13. Qd5+ Kh8 14. Qxe4 Ng4 15. Bd4 Qxe4 16. Bxg7+ Kxg7 17. Bxe4 h6 18. Nf3 Nf6 19. Bd3 Bh3 20. Rfe1 Rfe8 21. Nh4 g5 22. Nf5+ Bxf5 23. Bxf5 Rxe1+ 24. Rxe1 Re8 25. Rxe8 Nxe8 26. f4 gxf4 27. gxf4 Kf6 28. Bc8 b6 29. Kf2 Ng7 30. Kf3 Ne6 31. Ke4 Nc5+ 32. Ke3 a5 33. Bg4 Ne6 34. a3 Nf8 35. Ke4 Ng6 36. b4 axb4 37. axb4 Ne7 38. b5 Kg6 39. Bd7 Kf6 40. Kd4 Kg6 41. f5+ Kg5 42. Ke4 Kf6 43. Kf4 d5 44. cxd5 Nxd5+ 45. Kg4 Kg7 46. Be6 Ne7 47. Kh5 c6 1/2-1/2

[Event "Pardubice op rapid 30th"]
[Site "Pardubice"]
[Date "2019.07.19"]
[Round "7"]
[White "Gorbatenko, Alexander"]
[Black "Vlckova, Katerina"]
[Result "1-0"]
[WhiteElo "2048"]
[BlackElo "1972"]
[PlyCount "87"]
[EventDate "2019.07.17"]
[EventType "swiss (rapid)"]
[EventRounds "9"]
[EventCountry "CZE"]
[SourceTitle "CBM 191 Extra"]
[Source "ChessBase"]
[SourceDate "2019.09.30"]
[SourceVersion "1"]
[SourceVersionDate "2019.09.30"]
[SourceQuality "1"]

1. e4 c5 2. Nf3 e6 3. d3 Nc6 4. g3 g6 5. Bg2 Bg7 6. c3 Nge7 7. 0-0 0-0 8. Re1 d5 9. Nbd2 b6 10. exd5 Nxd5 11. a4 Ba6 12. Nc4 Qc7 13. Qc2 Rac8 14. Ne3 Rfd8 15. Rd1 Nce7 16. Nxd5 Nxd5 17. Bg5 Rd7 18. Ne1 h6 19. Be3 Rcd8 20. Rac1 Nxe3 21. fxe3 h5 22. d4 Bh6 23. Qf2 Bb7 24. Rc2 Bxg2 25. Nxg2 Qc6 26. Rf1 cxd4 27. exd4 Qxa4 28. Re2 Qb5 29. Ne1 Qf5 30. Qg2 Qd5 31. Qf2 Re8 32. Nd3 Qf5 33. Qxf5 gxf5 34. Rxf5 h4 35. gxh4 Kh7 36. Rf3 Rde7 37. Ne5 Rg8+ 38. Kf1 Rg7 39. h3 Kg8 40. Ng4 Kh7 41. Rf6 Rg6 42. Rf3 f5 43. Rxf5 Bg7 44. h5 1-0

[Event "Pardubice op rapid 30th"]
[Site "Pardubice"]
[Date "2019.07.17"]
[Round "2"]
[White "Chirivi Castiblanco, Jenny Astrid"]
[Black "Vlckova, Katerina"]
[Result "1-0"]
[WhiteElo "2089"]
[BlackElo "1972"]
[PlyCount "95"]
[EventDate "2019.07.17"]
[EventType "swiss (rapid)"]
[EventRounds "9"]
[EventCountry "CZE"]
[SourceTitle "CBM 191 Extra"]
[Source "ChessBase"]
[SourceDate "2019.09.30"]
[SourceVersion "1"]
[SourceVersionDate "2019.09.30"]
[SourceQuality "1"]

1. d4 Nf6 2. c4 g6 3. Nc3 d5 4. Nf3 Bg7 5. Qb3 dxc4 6. Qxc4 0-0 7. e4 c6 8. Be2 b5 9. Qb3 a5 10. e5 Be6 11. Qd1 Nd5 12. a4 b4 13. Ne4 Bf5 14. Nc5 Nd7 15. Nb3 N7b6 16. 0-0 Qc7 17. Bd2 f6 18. exf6 exf6 19. Nc5 Rfe8 20. Re1 Rad8 21. Qb3 Kh8 22. Bf1 Bf8 23. Rxe8 Rxe8 24. Rc1 Nd7 25. Nxd7 Qxd7 26. Qc4 Rc8 27. Qa6 Be4 28. Qxa5 Bxf3 29. gxf3 Bd6 30. Qa6 Ne7 31. Qc4 c5 32. dxc5 Bxc5 33. Qf4 Nd5 34. Qg4 f5 35. Qh4 Be7 36. Rxc8+ Qxc8 37. Qc4 Qd7 38. a5 Nc7 39. Bxb4 Bxb4 40. Qxb4 Kg7 41. Qc3+ Kf7 42. a6 Na8 43. Bc4+ Ke7 44. b4 Kd8 45. b5 Nb6 46. Qh8+ Kc7 47. a7 Qd1+ 48. Kg2 1-0

[Event "Pardubice op rapid 30th"]
[Site "Pardubice"]
[Date "2019.07.17"]
[Round "1"]
[White "Vlckova, Katerina"]
[Black "Myshakov, Fyodor"]
[Result "0-1"]
[WhiteElo "1972"]
[BlackElo "2295"]
[PlyCount "126"]
[EventDate "2019.07.17"]
[EventType "swiss (rapid)"]
[EventRounds "9"]
[EventCountry "CZE"]
[SourceTitle "CBM 191 Extra"]
[Source "ChessBase"]
[SourceDate "2019.09.30"]
[SourceVersion "1"]
[SourceVersionDate "2019.09.30"]
[SourceQuality "1"]

1. Nf3 d5 2. c4 dxc4 3. Qa4+ c6 4. Qxc4 Nf6 5. g3 g6 6. Bg2 Bg7 7. 0-0 0-0 8. a4 b6 9. d4 Nd5 10. Re1 a5 11. Nc3 Ba6 12. Qb3 Nb4 13. Bf4 Nd7 14. Rad1 Rc8 15. Na2 Nd5 16. Bd2 Rb8 17. e4 N5f6 18. Bf4 Rb7 19. Qc2 Qc8 20. b4 b5 21. axb5 cxb5 22. Qxc8 Rxc8 23. bxa5 b4 24. Bf1 Bxf1 25. Kxf1 Rc2 26. a6 Rb6 27. a7 Rxa2 28. d5 Rba6 29. Rb1 Rxa7 30. Rxb4 Ra1 31. Ne5 Rxe1+ 32. Kxe1 Nxe5 33. Bxe5 Nd7 34. Bxg7 Kxg7 35. Ke2 f6 36. f4 Kf7 37. Kd3 Ra2 38. Rc4 Ra3+ 39. Ke2 Ra7 40. Ke3 h5 41. Rc3 Nb6 42. Kd4 Ra1 43. Rb3 Rd1+ 44. Kc5 Nc8 45. e5 Rc1+ 46. Kd4 f5 47. Rb7 Ke8 48. h3 Kd8 49. g4 fxg4 50. hxg4 hxg4 51. Rb3 Ra1 52. Rg3 Ra4+ 53. Ke3 Nb6 54. Rxg4 Nxd5+ 55. Kf3 Rxf4+ 56. Rxf4 Nxf4 57. Kxf4 Kd7 58. Kg5 Ke6 59. Kxg6 Kxe5 60. Kg5 Ke4 61. Kg4 e5 62. Kg3 Ke3 63. Kg2 Ke2 0-1

[Event "Pardubice op rapid 29th"]
[Site "Pardubice"]
[Date "2018.07.19"]
[Round "6"]
[White "Vlckova, Katerina"]
[Black "Khmelev, Mikhail"]
[Result "1-0"]
[WhiteElo "1950"]
[BlackElo "1972"]
[PlyCount "177"]
[EventDate "2018.07.18"]
[EventType "swiss (rapid)"]
[EventRounds "9"]
[EventCountry "CZE"]
[SourceTitle "CBM 185 Extra"]
[Source "ChessBase"]
[SourceDate "2018.07.29"]
[SourceVersion "1"]
[SourceVersionDate "2018.07.29"]
[SourceQuality "1"]

1. d4 e6 2. c4 Nf6 3. g3 Bb4+ 4. Bd2 Qe7 5. Bg2 0-0 6. Nf3 Bxd2+ 7. Nbxd2 d6 8. Qc2 e5 9. 0-0 c6 10. e3 Bg4 11. Rac1 Re8 12. c5 dxc5 13. Qxc5 Qxc5 14. Rxc5 Nbd7 15. Rc3 exd4 16. Nxd4 Rad8 17. h3 Bh5 18. Nc4 Nb6 19. Nxb6 axb6 20. Rb3 Nd7 21. Nf5 Ra8 22. Nd6 Reb8 23. a3 b5 24. Rc1 f6 25. Rd3 Ne5 26. Rdc3 Bf7 27. Bf1 Bd5 28. f4 Nf7 29. Nxf7 Kxf7 30. Kf2 Ra4 31. Bg2 Bxg2 32. Kxg2 Rd8 33. R1c2 b4 34. Rb3 Rd6 35. Rxb4 Rxb4 36. axb4 b5 37. Kf3 Ke6 38. Ke2 Ke7 39. Rd2 Re6 40. Kf3 f5 41. g4 fxg4+ 42. hxg4 Rh6 43. g5 Rh3+ 44. Ke4 g6 45. Kd4 Kd6 46. e4 Rb3 47. e5+ Kc7 48. Rh2 Rxb4+ 49. Ke3 Rb3+ 50. Ke4 Rb4+ 51. Kf3 Kd7 52. Rxh7+ Ke6 53. Rc7 Rxb2 54. Rxc6+ Kf7 55. Rf6+ Kg7 56. Rb6 Kf7 57. Ke4 Rb4+ 58. Kd5 Rxf4 59. Rf6+ Rxf6 60. exf6 Kf8 61. Kc5 Kf7 62. Kxb5 Kf8 63. Kc6 Kf7 64. Kd7 Kf8 65. Ke6 Ke8 66. Kd6 Kf7 67. Kd7 Kf8 68. Ke6 Ke8 69. Ke5 Kf7 70. Kd5 Kf8 71. Ke4 Kf7 72. Kf4 Ke6 73. Ke4 Kf7 74. Ke5 Kf8 75. Kd5 Kf7 76. Kd6 Kf8 77. Ke6 Ke8 78. Kd6 Kf7 79. Kd7 Kf8 80. f7 Kxf7 81. Kd6 Kg8 82. Ke6 Kg7 83. Ke7 Kg8 84. Kf6 Kh7 85. Kf7 Kh8 86. Kxg6 Kg8 87. Kh6 Kh8 88. g6 Kg8 89. g7 1-0

[Event "Pardubice op rapid 29th"]
[Site "Pardubice"]
[Date "2018.07.19"]
[Round "7"]
[White "Vokoun, Jan"]
[Black "Vlckova, Katerina"]
[Result "0-1"]
[WhiteElo "2124"]
[BlackElo "1950"]
[PlyCount "111"]
[EventDate "2018.07.18"]
[EventType "swiss (rapid)"]
[EventRounds "9"]
[EventCountry "CZE"]
[SourceTitle "CBM 185 Extra"]
[Source "ChessBase"]
[SourceDate "2018.07.29"]
[SourceVersion "1"]
[SourceVersionDate "2018.07.29"]
[SourceQuality "1"]

1. Nf3 g6 2. d4 Nf6 3. Bg5 Bg7 4. c3 d5 5. Nbd2 0-0 6. e3 Nbd7 7. Bd3 Re8 8. 0-0 e5 9. dxe5 Nxe5 10. Nxe5 Rxe5 11. Nf3 Bg4 12. Bf4 Re8 13. h3 Bxf3 14. Qxf3 c6 15. Rfd1 Qb6 16. Qe2 Rad8 17. Qc2 Nh5 18. Bh2 c5 19. Be2 Nf6 20. a4 Ne4 21. a5 Qf6 22. Bf3 Qe6 23. Qb3 Re7 24. Qb5 a6 25. Qb6 Qxb6 26. axb6 f5 27. Ra5 Red7 28. Bc7 Re8 29. Bxe4 fxe4 30. Rxc5 d4 31. cxd4 Bf8 32. Rc3 Bb4 33. Rb3 a5 34. Kf1 Rf7 35. Ke2 Ref8 36. Rf1 Rc8 37. f3 Rcf8 38. Bf4 Rf6 39. Be5 exf3+ 40. Rxf3 Rxb6 41. Rxf8+ Kxf8 42. e4 Ke7 43. Rf3 a4 44. d5 Bc5 45. Bg7 Rb4 46. Bf8+ Kd7 47. Bxc5 Rxe4+ 48. Kd3 Re1 49. Rf7+ Kc8 50. Rxh7 Rd1+ 51. Kc4 Rd2 52. d6 Rc2+ 53. Kd5 Rxb2 54. Bd4 Rd2 55. Ke6 b5 56. Rh8+ 0-1

[Event "Pardubice op rapid 29th"]
[Site "Pardubice"]
[Date "2018.07.18"]
[Round "1"]
[White "Vlckova, Katerina"]
[Black "Frolov, Artur"]
[Result "0-1"]
[WhiteElo "1950"]
[BlackElo "2393"]
[PlyCount "128"]
[EventDate "2018.07.18"]
[EventType "swiss (rapid)"]
[EventRounds "9"]
[EventCountry "CZE"]
[SourceTitle "CBM 185 Extra"]
[Source "ChessBase"]
[SourceDate "2018.07.29"]
[SourceVersion "1"]
[SourceVersionDate "2018.07.29"]
[SourceQuality "1"]

1. d4 Nf6 2. c4 c5 3. d5 e5 4. Nc3 d6 5. g3 g6 6. Bg2 h5 7. Nf3 Bh6 8. Bxh6 Rxh6 9. Qd2 Rh8 10. h4 a6 11. 0-0 Nbd7 12. a4 b6 13. Ng5 Qe7 14. f4 Ng4 15. f5 gxf5 16. Rxf5 Ndf6 17. Rff1 Bd7 18. Qd3 a5 19. Nce4 Rh6 20. Bf3 Nxe4 21. Bxe4 Nf6 22. Bf5 0-0-0 23. Ra3 Rg8 24. Bxd7+ Kxd7 25. Rb3 Kc7 26. Qf5 Rg7 27. Rbf3 Rhg6 28. Kh1 Nd7 29. Qc2 Rxg5 30. hxg5 Qxg5 31. Qf5 Qh6 32. Qh3 f6 33. Rf5 Qe3 34. R5f3 Qxe2 35. b3 Qe4 36. Kh2 Rh7 37. Qf5 Qxf5 38. Rxf5 Kd8 39. Kh3 Ke7 40. Kh4 Rg7 41. Rxh5 Nf8 42. Rhf5 Nh7 43. g4 Rg6 44. Kg3 Ng5 45. Re1 Rh6 46. Re2 Rh3+ 47. Kg2 Rxb3 48. Ref2 Ne4 49. Rf1 Rg3+ 50. Kh2 Rxg4 51. Rb1 Rg5 52. Rf3 Nd2 53. Rfb3 Nxb3 54. Rxb3 Rg4 55. Rxb6 Rxc4 56. Rb7+ Kf8 57. Rd7 Rxa4 58. Rxd6 Ke7 59. Rc6 Rc4 60. Kg3 a4 61. Kf3 a3 62. Ke3 Ra4 63. Rxc5 a2 64. Rc1 a1Q 0-1

[Event "Pardubice Czech op-E 29th"]
[Site "Pardubice"]
[Date "2018.07.13"]
[Round "2"]
[White "Vlckova, Katerina"]
[Black "Tikovsky, Alexander"]
[Result "0-1"]
[WhiteElo "1950"]
[BlackElo "2169"]
[PlyCount "102"]
[EventDate "2018.07.12"]
[EventType "team"]
[EventRounds "7"]
[EventCountry "CZE"]
[SourceTitle "EXT 2019"]
[Source "ChessBase"]
[SourceDate "2018.10.10"]
[SourceVersion "1"]
[SourceVersionDate "2018.10.10"]
[SourceQuality "1"]
[WhiteTeam "Roskov Chess Academy"]
[BlackTeam "Brno Moravska Slavia"]
[WhiteTeamCountry "CZE"]
[BlackTeamCountry "CZE"]

1. d4 g6 2. e4 Bg7 3. Nc3 c6 4. Nge2 d5 5. g3 h5 6. Bg2 Nf6 7. h3 dxe4 8. Nxe4 Nxe4 9. Bxe4 Nd7 10. c3 Nf6 11. Bg2 Bf5 12. Bf4 Qd7 13. Be5 Rd8 14. Nf4 0-0 15. 0-0 Bh6 16. Kh2 h4 17. Qe2 Nd5 18. Nxd5 cxd5 19. g4 Be6 20. Kh1 f6 21. Bh2 f5 22. Rae1 Kf7 23. f4 Bg7 24. g5 Qd6 25. Rf3 Bd7 26. Re3 e6 27. Qf2 Rh8 28. Ra1 b5 29. a3 a5 30. Ree1 Rc8 31. Bf1 Qb6 32. Bg1 Bf8 33. Qe3 Bd6 34. Rec1 Rc7 35. Qf2 Qb8 36. Bh2 Rb7 37. b4 Ra7 38. Be2 Qc7 39. Kg2 Qb6 40. Kf3 Rh7 41. Bd3 Rc7 42. Bg1 Rh8 43. Qe1 Bc6 44. Bf2 Re7 45. Ra2 Qc7 46. Be3 e5 47. fxe5 Bxe5 48. Re2 Bg3 49. Bf2 Qf4+ 50. Kg2 Rxe2 51. Bxe2 Bxf2 0-1

[Event "Oberliga Ost-A 1718"]
[Site "Germany"]
[Date "2017.11.12"]
[Round "3.8"]
[White "Vlckova, Katerina"]
[Black "Schneider, Jens Erik"]
[Result "1-0"]
[WhiteElo "1954"]
[BlackElo "1925"]
[PlyCount "113"]
[EventDate "2017.10.22"]
[EventType "team-tourn"]
[EventRounds "11"]
[EventCountry "GER"]
[SourceTitle "EXT 2019"]
[Source "ChessBase"]
[SourceDate "2018.10.10"]
[SourceVersion "1"]
[SourceVersionDate "2018.10.10"]
[SourceQuality "1"]
[WhiteTeam "Aue Nickelhuette II"]
[BlackTeam "Dessau"]
[WhiteTeamCountry "GER"]
[BlackTeamCountry "GER"]

1. d4 d5 2. c4 c6 3. Nf3 Nf6 4. Nbd2 e6 5. g3 Nbd7 6. Bg2 Bb4 7. 0-0 0-0 8. Qc2 Re8 9. a3 Bd6 10. Rd1 Bf8 11. b3 Rb8 12. e4 h6 13. e5 Nh7 14. Bb2 b6 15. Bf1 Be7 16. Bd3 Nhf8 17. Nf1 Bb7 18. Ne3 Rc8 19. Rac1 Nb8 20. Qe2 Rc7 21. Ne1 dxc4 22. bxc4 Rd7 23. Be4 f5 24. Bg2 Bg5 25. f4 Be7 26. N1c2 Na6 27. d5 Bc5 28. Kh1 cxd5 29. cxd5 Qa8 30. dxe6 Rxd1+ 31. Rxd1 Nxe6 32. Nxf5 Nac7 33. Nd6 Bxg2+ 34. Qxg2 Qxg2+ 35. Kxg2 Rd8 36. Rd2 Nb5 37. Ne4 Rxd2+ 38. Nxd2 Kf7 39. Kf3 g5 40. f5 Ned4+ 41. Bxd4 Bxd4 42. Nxd4 Nxd4+ 43. Ke4 Nc2 44. Nc4 Ke7 45. a4 Nb4 46. Ne3 Na6 47. Nd5+ Kf8 48. Nc3 Ke7 49. Kd5 Nc5 50. a5 Nd7 51. f6+ Ke8 52. Kd6 Nc5 53. axb6 axb6 54. e6 Nb7+ 55. Ke5 Nc5 56. Nb5 Nd3+ 57. Kd6 1-0

[Event "Oberliga Ost-A 1617"]
[Site "Germany"]
[Date "2017.02.18"]
[Round "6.8"]
[White "Vlckova, Katerina"]
[Black "Schultz, Andreas"]
[Result "1/2-1/2"]
[WhiteElo "1924"]
[BlackElo "2238"]
[PlyCount "128"]
[EventDate "2016.10.16"]
[EventType "team-tourn"]
[EventRounds "11"]
[EventCountry "GER"]
[SourceTitle "EXT 2018"]
[Source "ChessBase"]
[SourceDate "2017.10.13"]
[SourceVersion "1"]
[SourceVersionDate "2017.10.13"]
[SourceQuality "1"]
[WhiteTeam "Aue Nickelhuette II"]
[BlackTeam "Leipzig SG"]
[WhiteTeamCountry "GER"]
[BlackTeamCountry "GER"]

1. d4 Nf6 2. c4 g6 3. Nf3 Bg7 4. g3 d6 5. Bg2 0-0 6. 0-0 Nc6 7. Nc3 Rb8 8. b3 a6 9. Bb2 b5 10. cxb5 axb5 11. e3 b4 12. Ne2 Na7 13. Rc1 c6 14. Nd2 d5 15. Qc2 Nd7 16. e4 Ba6 17. Rfe1 e6 18. Nf4 Qb6 19. exd5 cxd5 20. Qc7 Nf6 21. Qxb6 Rxb6 22. a4 Rfb8 23. Rc7 R6b7 24. Rec1 Ne8 25. Rxb7 Rxb7 26. Bf1 Bxf1 27. Kxf1 Rc7 28. Rxc7 Nxc7 29. Nd3 Na6 30. Nf3 Kf8 31. Nfe1 Nc6 32. Nc2 Ke8 33. Ke2 Kd7 34. Ke3 f6 35. f4 Bf8 36. Ke2 Na5 37. Nc1 Bd6 38. Ne3 h5 39. Kd3 Bc7 40. Kc2 Nc6 41. Kd2 Bb6 42. Nc2 Na5 43. Kd3 Nb7 44. Na2 Na5 45. Naxb4 Nxb4+ 46. Nxb4 Nxb3 47. Nc2 Na5 48. Ne3 Nc6 49. Bc3 Kc7 50. h3 Kd6 51. g4 e5 52. fxe5+ fxe5 53. dxe5+ Nxe5+ 54. Bxe5+ Kxe5 55. Ng2 hxg4 56. hxg4 Bd8 57. a5 g5 58. a6 Bb6 59. Ne3 Ba7 60. Nf5 Kf4 61. Ne7 Kxg4 62. Nxd5 Kf3 63. Nf6 Bg1 64. Kc4 g4 1/2-1/2

[Event "Oberliga Ost-A 1617"]
[Site "Germany"]
[Date "2016.11.19"]
[Round "2.8"]
[White "Biastoch, Bennet"]
[Black "Vlckova, Katerina"]
[Result "1-0"]
[WhiteElo "2105"]
[BlackElo "1924"]
[PlyCount "99"]
[EventDate "2016.10.16"]
[EventType "team-tourn"]
[EventRounds "11"]
[EventCountry "GER"]
[SourceTitle "EXT 2018"]
[Source "ChessBase"]
[SourceDate "2017.10.13"]
[SourceVersion "1"]
[SourceVersionDate "2017.10.13"]
[SourceQuality "1"]
[WhiteTeam "Magdeburg Aufbau Elbe"]
[BlackTeam "Aue Nickelhuette II"]
[WhiteTeamCountry "GER"]
[BlackTeamCountry "GER"]

1. e4 c5 2. Nf3 e6 3. d4 cxd4 4. Nxd4 a6 5. Bd3 Qc7 6. 0-0 Nf6 7. Qe2 d6 8. c4 Be7 9. Nc3 Nc6 10. Be3 Ne5 11. Rac1 Nxd3 12. Qxd3 Ng4 13. h3 Nxe3 14. Qxe3 0-0 15. Rfd1 Rd8 16. Qg3 Qa5 17. b4 Qxb4 18. Nf5 Bf6 19. Nxd6 Qc5 20. Na4 Qa5 21. Qb3 b5 22. cxb5 axb5 23. Nc5 b4 24. e5 Be7 25. Rc2 h6 26. Rdd2 Qb6 27. Qf3 Bxd6 28. Qxa8 Bxe5 29. Ne4 Bd7 30. Rc6 Qxc6 31. Qxd8+ Kh7 32. Qxd7 Qxe4 33. Qd3 Qxd3 34. Rxd3 Kg6 35. Rb3 Bd6 36. Kf1 Kf5 37. Rd3 Be7 38. Rd7 Kf6 39. Ke2 e5 40. Kd3 Bf8 41. Rb7 Ke6 42. Kc4 e4 43. Rxb4 Bxb4 44. Kxb4 f5 45. a4 Kd6 46. Kc4 g5 47. Kd4 h5 48. g3 e3 49. Kxe3 Kc5 50. h4 1-0

[Event "CZE-chT2D 1516"]
[Site "Czech Republic"]
[Date "2016.04.03"]
[Round "10.6"]
[White "Vesely, Tomas"]
[Black "Vlckova, Katerina"]
[Result "1/2-1/2"]
[WhiteElo "2069"]
[BlackElo "1920"]
[PlyCount "148"]
[EventDate "2015.10.18"]
[EventType "team-tourn"]
[EventRounds "11"]
[EventCountry "CZE"]
[SourceTitle "EXT 2022"]
[Source "ChessBase"]
[SourceDate "2021.10.06"]
[SourceVersion "1"]
[SourceVersionDate "2021.10.06"]
[SourceQuality "1"]
[WhiteTeam "Pardubice Rapid II"]
[BlackTeam "Polabiny II"]
[WhiteTeamCountry "CZE"]
[BlackTeamCountry "CZE"]

1. e4 c5 2. Nf3 e6 3. c4 b6 4. Nc3 Nc6 5. d4 cxd4 6. Nxd4 Bb7 7. Be3 Nf6 8. f3 d6 9. Be2 Be7 10. 0-0 0-0 11. Rc1 Rc8 12. Ncb5 Nxd4 13. Qxd4 a6 14. Nc3 d5 15. cxd5 Bc5 16. Qd2 exd5 17. Bxc5 bxc5 18. exd5 Nxd5 19. Nxd5 Bxd5 20. Bxa6 Ra8 21. Rxc5 Bxa2 22. Qxd8 Rfxd8 23. Bb7 Rab8 24. Ra1 Rxb7 25. Rxa2 g6 26. Rc2 Rd1+ 27. Kf2 Rb1 28. h3 Rb3 29. Kg3 Kg7 30. Ra7 R3xb2 31. Rcc7 Rg1 32. Rxf7+ Kh6 33. Rxh7+ Kg5 34. f4+ Kf5 35. Ra5+ Kf6 36. Ra6+ Kf5 37. Rf7+ Ke4 38. Re7+ Kd4 39. Rd7+ Kc5 40. Rc7+ Kd5 41. Rd7+ Kc5 42. Ra5+ Kc6 43. Rf7 Rgxg2+ 44. Kh4 Rb8 45. Rf6+ Kd7 46. Ra7+ Ke8 47. Re6+ Kd8 48. Rg7 Rb4 49. Rexg6 Rxg6 50. Rxg6 Rxf4+ 51. Rg4 Rf7 52. Re4 Re7 53. Rf4 Ke8 54. Kg5 Rf7 55. Ra4 Kf8 56. Kg6 Rg7+ 57. Kh6 Re7 58. Ra8+ Kf7 59. h4 Re6+ 60. Kh7 Re5 61. Ra7+ Kf6 62. Kh6 Re8 63. Kh7 Re5 64. Kh6 Re8 65. Ra6+ Kf5 66. Ra4 Kf6 67. Rf4+ Ke5 68. Rf7 Rh8+ 69. Rh7 Rxh7+ 70. Kxh7 Kf6 71. h5 Kf7 72. h6 Kf8 73. Kh8 Kf7 74. h7 Kf8 1/2-1/2

[Event "CZE-ch U18/20 Girls"]
[Site "Doksy"]
[Date "2015.11.15"]
[Round "2"]
[White "Vlckova, Katerina"]
[Black "Fuskova, Martina"]
[Result "1-0"]
[WhiteElo "1890"]
[BlackElo "2040"]
[PlyCount "103"]
[EventDate "2015.11.14"]
[EventType "swiss"]
[EventRounds "9"]
[EventCountry "CZE"]
[SourceTitle "EXT 2022"]
[Source "ChessBase"]
[SourceDate "2021.10.06"]
[SourceVersion "1"]
[SourceVersionDate "2021.10.06"]
[SourceQuality "1"]

1. d4 Nf6 2. c4 e6 3. Nf3 b6 4. g3 Ba6 5. Qc2 c5 6. Bg2 Nc6 7. 0-0 cxd4 8. Rd1 Rc8 9. Qa4 Bb7 10. Nxd4 Nxd4 11. Bxb7 Nxe2+ 12. Kf1 Rb8 13. Bf3 Nxc1 14. Rxc1 a5 15. Nc3 Bc5 16. Rd1 0-0 17. a3 Qe7 18. Rab1 Rfc8 19. b4 axb4 20. axb4 Bd6 21. Nb5 Be5 22. Rbc1 d5 23. Na7 Rxc4 24. Rxc4 dxc4 25. Nc6 Qc7 26. Nxb8 Qxb8 27. Qb5 Kf8 28. Qxc4 Qc7 29. Bc6 Ke7 30. Rd2 Bd6 31. Ra2 h6 32. Ra8 Nd7 33. b5 Nb8 34. Qh4+ Kf8 35. Qa4 g6 36. Ra7 Qd8 37. Qd4 Kg8 38. Rd7 Nxd7 39. Qxd6 Qf6 40. Bxd7 Qd8 41. Qc6 Kg7 42. Qc8 Qf6 43. Qc7 Qe7 44. Qb7 Qd6 45. Bc6 Qd4 46. Be8 Qd1+ 47. Kg2 Qd5+ 48. Qxd5 exd5 49. Bc6 d4 50. Kf3 f5 51. Ke2 Kf6 52. Kd3 1-0

[Event "CZE-chT2D 1516"]
[Site "Czech Republic"]
[Date "2015.11.08"]
[Round "2.5"]
[White "Maly, Marek1111"]
[Black "Vlckova, Katerina"]
[Result "1-0"]
[WhiteElo "2193"]
[BlackElo "1920"]
[PlyCount "73"]
[EventDate "2015.10.18"]
[EventType "team-tourn"]
[EventRounds "11"]
[EventCountry "CZE"]
[SourceTitle "EXT 2022"]
[Source "ChessBase"]
[SourceDate "2021.10.06"]
[SourceVersion "1"]
[SourceVersionDate "2021.10.06"]
[SourceQuality "1"]
[WhiteTeam "Velke Losiny"]
[BlackTeam "Polabiny II"]
[WhiteTeamCountry "CZE"]
[BlackTeamCountry "CZE"]

1. d4 Nf6 2. c4 c5 3. d5 e6 4. Nc3 exd5 5. cxd5 d6 6. Nf3 g6 7. e4 Bg7 8. Be2 0-0 9. 0-0 Re8 10. Nd2 b6 11. Rb1 Ba6 12. f3 Qc8 13. Bxa6 Qxa6 14. Qb3 Rd8 15. Nc4 Ne8 16. Bf4 f6 17. a4 Bf8 18. a5 Nd7 19. Ra1 Qb7 20. Ra3 Ne5 21. Bxe5 fxe5 22. axb6 axb6 23. Qxb6 Rab8 24. Qxb7 Rxb7 25. Rfa1 Rb4 26. Ra4 Rdb8 27. Rxb4 Rxb4 28. Ra4 Rb7 29. Kf1 Nc7 30. Ke2 Kf7 31. Kd3 Ke7 32. Kc2 Bh6 33. Na5 Rb6 34. Nc6+ Kd7 35. Ra7 Be3 36. Na4 Ra6 37. Nb8+ 1-0

[Event "CZE-chT2D 1415"]
[Site "Czech Republic"]
[Date "2015.02.08"]
[Round "7.8"]
[White "Vlckova, Katerina"]
[Black "Hennig, Thomas"]
[Result "0-1"]
[WhiteElo "1917"]
[BlackElo "2014"]
[PlyCount "36"]
[EventDate "2014.11.02"]
[EventType "team-tourn"]
[EventRounds "11"]
[EventCountry "CZE"]
[SourceTitle "EXT 2022"]
[Source "ChessBase"]
[SourceDate "2021.10.06"]
[SourceVersion "1"]
[SourceVersionDate "2021.10.06"]
[SourceQuality "1"]
[WhiteTeam "Hradec Kralove II"]
[BlackTeam "Pardubice AKIS"]
[WhiteTeamCountry "CZE"]
[BlackTeamCountry "CZE"]

1. d4 d5 2. c4 e6 3. Nf3 Nf6 4. g3 Be7 5. Bg2 0-0 6. Qc2 c5 7. 0-0 cxd4 8. Nxd4 Nc6 9. Rd1 Nxd4 10. Rxd4 Qb6 11. e3 Bc5 12. Rd1 Bd7 13. cxd5 exd5 14. Nc3 d4 15. exd4 Bxd4 16. Ne4 Bf5 17. Qb3 Bxe4 18. Qxb6 Bxb6 0-1

[Event "Hradec Kralove op"]
[Site "Hradec Kralove"]
[Date "2014.10.20"]
[Round "3"]
[White "Nosek, Jan"]
[Black "Vlckova, Katerina"]
[Result "0-1"]
[WhiteElo "1787"]
[BlackElo "1997"]
[PlyCount "62"]
[EventDate "2014.10.18"]
[EventType "swiss"]
[EventRounds "9"]
[EventCountry "CZE"]
[SourceTitle "EXT 2015"]
[Source "ChessBase"]
[SourceDate "2014.11.20"]
[SourceVersion "1"]
[SourceVersionDate "2014.11.20"]
[SourceQuality "1"]

1. e4 c5 2. Nf3 e6 3. d4 cxd4 4. Nxd4 a6 5. Bd3 Qc7 6. 0-0 Nf6 7. Kh1 Bc5 8. Nb3 Be7 9. f4 d6 10. Nc3 Nbd7 11. Qf3 b5 12. a3 Bb7 13. Qg3 g6 14. Bd2 0-0 15. Rae1 Nc5 16. Nxc5 dxc5 17. e5 Nh5 18. Qh3 Rad8 19. Be3 Rd7 20. f5 Rxd3 21. cxd3 exf5 22. Bh6 Ng7 23. Re3 Rd8 24. Bxg7 Kxg7 25. Qg3 Rd4 26. Rf4 Qd8 27. Ne2 Bh4 28. Qh3 Qg5 29. Rxd4 cxd4 30. Nxd4 Qf4 31. Nxf5+ gxf5 0-1